[Event "SR 2. liga A 2008/2009"]
[Site "?"]
[Date "2008.12.06"]
[Round "5.6"]
[White "Lesny, Stefan"]
[Black "Chovanec, Vladimir"]
[Result "0-1"]
[WhiteElo "2105"]
[BlackElo "2083"]
[PlyCount "78"]
[EventDate "2008.??.??"]
[WhiteTeam "Slovakia"]
[BlackTeam "II"]
[WhiteTeamCountry "SVK"]
[BlackTeamCountry "SVK"]

1. e4 c5 2. f4 d5 3. e5 Nc6 4. Nf3 Bg4 5. c3 e6 6. Be2 Nh6 7. Na3 Nf5 8. O-O g6
9. Nc2 h5 10. d3 Bxf3 11. Bxf3 Qb6 12. Rb1 Bg7 13. Ne3 Nce7 14. Qa4+ Qc6 15.
Qxc6+ bxc6 16. Re1 O-O 17. Kf2 Rab8 18. b3 Rfd8 19. g3 Bf8 20. Bb2 Nxe3 21.
Kxe3 Nf5+ 22. Ke2 a5 23. c4 a4 24. Bc3 axb3 25. Rxb3 Ra8 26. Ra1 Ra4 27. cxd5
cxd5 28. Rb2 Rda8 29. Bg2 Ra3 30. Rc2 R8a4 31. Bf1 h4 32. g4 Nd4+ 33. Bxd4 Rxd4
34. Ke3 g5 35. fxg5 Rxg4 36. Rg2 Rxg2 37. Bxg2 c4 38. Bf1 Bc5+ 39. Kd2 Bd4 0-1

[Event "SR 2. liga A 2008/2009"]
[Site "?"]
[Date "2008.12.06"]
[Round "5.6"]
[White "Slapak, Zdenek"]
[Black "Hazir, Svetozar"]
[Result "1-0"]
[WhiteElo "2173"]
[BlackElo "2143"]
[PlyCount "87"]
[EventDate "2008.??.??"]
[WhiteTeam "Slovakia"]
[BlackTeam "II"]
[WhiteTeamCountry "SVK"]
[BlackTeamCountry "SVK"]

1. e4 e5 2. Nf3 Nc6 3. Bb5 a6 4. Ba4 Nf6 5. O-O b5 6. Bb3 Be7 7. Re1 O-O 8. a4
Bb7 9. c3 d6 10. d4 h6 11. Nbd2 Re8 12. Nf1 Bf8 13. Ng3 Na5 14. Bc2 c5 15. d5
g6 16. h3 b4 17. cxb4 cxb4 18. b3 Bc8 19. Be3 Kh7 20. Rc1 Nb7 21. Nd2 Nc5 22.
f4 exf4 23. Bxf4 Nfd7 24. Rf1 Ra7 25. Nf3 Ne5 26. Nd4 Bg7 27. Nge2 a5 28. Kh1
Qh4 29. Qd2 Ba6 30. Nb5 Bxb5 31. axb5 Rb7 32. Nd4 g5 33. Nf5 Qh5 34. Be3 Bf8
35. Bxc5 dxc5 36. Bd1 Qg6 37. Be2 Nd7 38. Bd3 Ne5 39. Ra1 Ra8 40. Ra2 Qb6 41.
Be2 Kg8 42. h4 f6 43. d6 Rd7 44. Qd5+ 1-0

[Event "SR 2. liga A 2008/2009"]
[Site "?"]
[Date "2008.12.06"]
[Round "5.6"]
[White "Syrovy, Ivan"]
[Black "Sustak, Roman"]
[Result "1-0"]
[WhiteElo "2097"]
[BlackElo "1975"]
[PlyCount "113"]
[EventDate "2008.??.??"]
[WhiteTeam "Slovakia"]
[BlackTeam "II"]
[WhiteTeamCountry "SVK"]
[BlackTeamCountry "SVK"]

1. e4 e6 2. d4 d5 3. Nd2 Nf6 4. e5 Nfd7 5. Bd3 c5 6. c3 Nc6 7. Ne2 Be7 8. O-O
O-O 9. f4 f5 10. exf6 Nxf6 11. Nf3 cxd4 12. cxd4 Bd7 13. Ne5 Qb6 14. Kh1 Rac8
15. Be3 Nxe5 16. fxe5 Ng4 17. Bg1 Bg5 18. Nf4 Nh6 19. g3 Bxf4 20. gxf4 Bb5 21.
Rf2 Bxd3 22. Qxd3 Rc4 23. Rd1 Nf5 24. Rg2 Rfc8 25. h3 a5 26. Kh2 R8c6 27. Rdd2
Qc7 28. Qb3 Rb4 29. Qd3 a4 30. Rc2 Rbc4 31. Rxc4 Rxc4 32. Rd2 Qa5 33. Bf2 b5
34. Kg2 b4 35. Kf1 a3 36. Kg2 axb2 37. Rxb2 Rc3 38. Qb1 Rc4 39. Be1 Nxd4 40.
Bxb4 Qa4 41. Bd2 Nf5 42. Rb8+ Kf7 43. Rb7+ Kg6 44. Qb6 Rc6 45. Qd8 Qe4+ 46. Kf2
Qd4+ 47. Ke2 Qc4+ 48. Kf2 Qc5+ 49. Kg2 h6 50. Qe8+ Kh7 51. Rb8 Ne7 52. h4 Rc8
53. Rxc8 Nxc8 54. Qxe6 Qc4 55. Qf5+ Kg8 56. Kf2 d4 57. e6 1-0

[Event "SR 2. liga A 2008/2009"]
[Site "?"]
[Date "2008.12.06"]
[Round "5.7"]
[White "Bincik, Pavol"]
[Black "Majtan, Martin"]
[Result "1-0"]
[WhiteElo "1890"]
[BlackElo "1572"]
[PlyCount "41"]
[EventDate "2008.??.??"]
[WhiteTeam "Slovakia"]
[BlackTeam "II"]
[WhiteTeamCountry "SVK"]
[BlackTeamCountry "SVK"]

1. d4 Nf6 2. c4 c5 3. d5 g6 4. Nc3 Bg7 5. e4 d6 6. f4 Bg4 7. Nf3 Bxf3 8. Qxf3
e5 9. fxe5 dxe5 10. Bd3 Nbd7 11. O-O O-O 12. Bg5 Qc8 13. a3 Nh5 14. Be7 Re8 15.
Qxf7+ Kh8 16. Nb5 Rxe7 17. Qxe7 Bf6 18. Qf7 a6 19. Nd6 Qb8 20. Qxd7 Qf8 21. g3
1-0

[Event "SR 2. liga A 2008/2009"]
[Site "?"]
[Date "2008.12.06"]
[Round "5.7"]
[White "Durovka, Stefan"]
[Black "Trunkvalter, Lubos"]
[Result "1/2-1/2"]
[WhiteElo "1875"]
[BlackElo "1874"]
[PlyCount "80"]
[EventDate "2008.??.??"]
[WhiteTeam "Slovakia"]
[BlackTeam "II"]
[WhiteTeamCountry "SVK"]
[BlackTeamCountry "SVK"]

1. Nf3 d5 2. d4 Bf5 3. Bg5 Nd7 4. Nc3 c6 5. e3 Ngf6 6. h3 h6 7. Bh4 e6 8. Ne5
Be7 9. Nxd7 Qxd7 10. Bd3 Bxd3 11. Qxd3 b6 12. O-O c5 13. dxc5 bxc5 14. b3 O-O
15. Rad1 Qb7 16. Ne2 Rfd8 17. c3 Rd7 18. Qc2 Rc8 19. c4 Qb6 20. Bxf6 Bxf6 21.
cxd5 exd5 22. Qf5 Qe6 23. Qxe6 fxe6 24. Nf4 Kf7 25. Rd3 d4 26. Rc1 e5 27. Ne2
Re7 28. exd4 Rd7 29. d5 e4 30. Rdd1 Bg5 31. Rc4 e3 32. f4 Bf6 33. Rd3 g5 34. f5
Be7 35. Re4 Rcd8 36. Rdxe3 Bf6 37. Rd3 Rxd5 38. Rxd5 Rxd5 39. Ra4 Rd7 40. Ra5
Bd8 1/2-1/2

[Event "SR 2. liga A 2008/2009"]
[Site "?"]
[Date "2008.12.06"]
[Round "5.7"]
[White "Horvath, Marek"]
[Black "Srna, Jan"]
[Result "1-0"]
[WhiteElo "1839"]
[BlackElo "2042"]
[PlyCount "111"]
[EventDate "2008.??.??"]
[WhiteTeam "Slovakia"]
[BlackTeam "II"]
[WhiteTeamCountry "SVK"]
[BlackTeamCountry "SVK"]

1. e4 e6 2. d4 d5 3. exd5 exd5 4. Bd3 Bd6 5. Ne2 Bg4 6. Be3 Nc6 7. c3 Nge7 8.
Qd2 Qd7 9. Bf4 O-O-O 10. Bxd6 Qxd6 11. O-O Bf5 12. b4 Bxd3 13. Qxd3 Qg6 14. Nf4
Qh6 15. Qh3+ Qxh3 16. Nxh3 h6 17. Nd2 Nf5 18. Nf4 Rhe8 19. Rfe1 Rg8 20. Re2 a6
21. a4 g5 22. Nd3 Nb8 23. Rae1 Nd7 24. Ne5 Nxe5 25. Rxe5 Nh4 26. Re7 Rgf8 27.
Nf1 Ng6 28. R7e3 Kd7 29. Ng3 Rde8 30. Rxe8 Rxe8 31. Rxe8 Kxe8 32. Nf5 Nf4 33.
Kf1 b6 34. Nxh6 Nd3 35. Ng4 Ke7 36. Ne3 Ke6 37. Ke2 Nb2 38. a5 bxa5 39. bxa5 f5
40. Nc2 Nc4 41. Nb4 Nxa5 42. Nxa6 Kd6 43. g3 Nb7 44. Kf3 Nd8 45. Nc5 Ke7 46. h4
Kf6 47. Nd3 Ne6 48. Nb4 c5 49. Nxd5+ Kf7 50. dxc5 Nxc5 51. hxg5 Kg6 52. Kf4
Ne6+ 53. Ke5 Nxg5 54. Ne7+ Kh5 55. Kxf5 Nf3 56. c4 1-0

[Event "SR 2. liga A 2008/2009"]
[Site "?"]
[Date "2008.12.06"]
[Round "5.7"]
[White "Krajnak, Robert"]
[Black "Kolman, Richard"]
[Result "1/2-1/2"]
[WhiteElo "2079"]
[BlackElo "2110"]
[PlyCount "68"]
[EventDate "2008.??.??"]
[WhiteTeam "Slovakia"]
[BlackTeam "II"]
[WhiteTeamCountry "SVK"]
[BlackTeamCountry "SVK"]

1. c4 e6 2. Nf3 d5 3. g3 Nf6 4. Bg2 Be7 5. O-O c6 6. b3 Nbd7 7. Bb2 Qc7 8. d3
O-O 9. Nbd2 b6 10. Rc1 Bb7 11. cxd5 exd5 12. Nd4 Rfe8 13. Rc2 Rac8 14. Qa1 Qb8
15. Nf5 Bf8 16. Nf3 c5 17. d4 c4 18. bxc4 Rxc4 19. Rfc1 Rec8 20. Rxc4 Rxc4 21.
Rxc4 dxc4 22. Qc1 b5 23. Qg5 Qe8 24. Ne5 Nxe5 25. dxe5 Ne4 26. Bxe4 Bxe4 27.
Nd6 Qa8 28. Qe3 Bc6 29. Qd4 Qd8 30. Nxb5 Qa5 31. Nc3 Qb4 32. Bc1 h6 33. e4 Bc5
34. Qd2 Qb8 1/2-1/2

[Event "SR 2. liga A 2008/2009"]
[Site "?"]
[Date "2008.12.06"]
[Round "5.7"]
[White "Puchart, Vladimir"]
[Black "Vach, Pavol"]
[Result "1/2-1/2"]
[WhiteElo "2024"]
[BlackElo "2104"]
[PlyCount "119"]
[EventDate "2008.??.??"]
[WhiteTeam "Slovakia"]
[BlackTeam "II"]
[WhiteTeamCountry "SVK"]
[BlackTeamCountry "SVK"]

1. d4 e6 2. c4 d5 3. Nf3 Nf6 4. Bg5 Be7 5. Nc3 O-O 6. e3 h6 7. Bh4 a6 8. Rc1
dxc4 9. Bxc4 b5 10. Bd3 Bb7 11. Bxf6 Bxf6 12. Be4 c6 13. Bb1 Nd7 14. Ne4 Qe7
15. Nc5 Nxc5 16. Rxc5 Rad8 17. Qc2 g6 18. O-O Rd5 19. Rc1 Rxc5 20. Qxc5 Qxc5
21. Rxc5 Be7 22. Rc1 Bd6 23. Nd2 f5 24. Nb3 Rc8 25. Nc5 Bxc5 26. Rxc5 Kf7 27.
a3 Ke7 28. Kf1 Kd6 29. Ke2 Re8 30. f4 Bc8 31. Kd3 Bd7 32. Kc3 a5 33. Bd3 a4 34.
Kb4 g5 35. g3 gxf4 36. exf4 h5 37. Re5 h4 38. Kc3 hxg3 39. hxg3 Rh8 40. Re3 Rh1
41. Be2 Rg1 42. Bd3 Be8 43. Be2 Bd7 44. Bd3 Be8 45. Be2 Bd7 46. Bd3 Be8 47. Be2
Bd7 48. Kd2 Rb1 49. Kc3 Be8 50. Kc2 Rh1 51. Kc3 Rh2 52. Re5 Rf2 53. Re3 Rg2 54.
Bd1 Rg1 55. Be2 Re1 56. Kd2 Rb1 57. Kc2 Re1 58. Kd2 Rb1 59. Kc2 Re1 60. Kd2
1/2-1/2

[Event "SR 2. liga A 2008/2009"]
[Site "?"]
[Date "2008.12.06"]
[Round "5.7"]
[White "Stefan, Oldrich"]
[Black "Ujhelyi, Matus"]
[Result "1-0"]
[WhiteElo "2030"]
[BlackElo "1926"]
[PlyCount "51"]
[EventDate "2008.??.??"]
[WhiteTeam "Slovakia"]
[BlackTeam "II"]
[WhiteTeamCountry "SVK"]
[BlackTeamCountry "SVK"]

1. d4 Nf6 2. Nf3 g6 3. g3 Bg7 4. Bg2 O-O 5. c4 d6 6. Nc3 Nbd7 7. O-O e5 8. e4
a5 9. Re1 Re8 10. h3 c6 11. Qc2 exd4 12. Nxd4 Nc5 13. Bf4 Nfxe4 14. Nxe4 Bxd4
15. Rad1 Be5 16. Bg5 f6 17. Bxf6 Qc7 18. Nxd6 Bf5 19. Nxe8 Rxe8 20. Qe2 Bxf6
21. Qxe8+ Kg7 22. g4 Bd7 23. Qe3 b6 24. b3 Be6 25. g5 Bd8 26. Qd4+ 1-0

[Event "SR 2. liga A 2008/2009"]
[Site "?"]
[Date "2008.12.06"]
[Round "5.8"]
[White "Diviak, Rastislav"]
[Black "Mosny, Jaroslav"]
[Result "1-0"]
[WhiteElo "2022"]
[BlackElo "2018"]
[PlyCount "97"]
[EventDate "2008.??.??"]
[WhiteTeam "Slovakia"]
[BlackTeam "II"]
[WhiteTeamCountry "SVK"]
[BlackTeamCountry "SVK"]

1. e4 e5 2. Nf3 d6 3. d4 exd4 4. Nxd4 g6 5. Bc4 Bg7 6. Nc3 Nc6 7. Be3 Nf6 8. f3
O-O 9. Qd2 a6 10. Nxc6 bxc6 11. O-O-O Be6 12. Bb3 Qb8 13. Bh6 Qb4 14. h4 Bxb3
15. cxb3 Qc5 16. g4 Rfe8 17. Bxg7 Kxg7 18. h5 g5 19. h6+ Kf8 20. Kb1 Qe5 21.
Qd3 Re6 22. Ne2 Ng8 23. Nd4 Rxh6 24. Nxc6 Qf6 25. Nd4 Ne7 26. Rxh6 Qxh6 27. Re1
c5 28. Nf5 Nxf5 29. exf5 a5 30. Rd1 Rd8 31. Qa6 Qf6 32. Qxa5 h5 33. Qc3 Qxc3
34. bxc3 h4 35. f4 f6 36. fxg5 fxg5 37. a4 Ke7 38. Kb2 Kd7 39. b4 Kc6 40. b5+
Kc7 41. Kb3 d5 42. a5 h3 43. Rh1 Ra8 44. Ka4 Rh8 45. f6 h2 46. f7 Rf8 47. Rxh2
Rxf7 48. b6+ Kd6 49. Kb5 1-0

[Event "SR 2. liga A 2008/2009"]
[Site "?"]
[Date "2008.12.06"]
[Round "5.8"]
[White "Izip, Robert"]
[Black "Hajek, Lukas"]
[Result "1-0"]
[WhiteElo "1632"]
[BlackElo "1587"]
[PlyCount "47"]
[EventDate "2008.??.??"]
[WhiteTeam "Slovakia"]
[BlackTeam "II"]
[WhiteTeamCountry "SVK"]
[BlackTeamCountry "SVK"]

1. e4 e6 2. d4 d5 3. exd5 exd5 4. c4 dxc4 5. Bxc4 Nf6 6. Nc3 Nbd7 7. Nge2 Nb6
8. Bb3 Bf5 9. O-O Be7 10. Nf4 O-O 11. Re1 Bd6 12. Qf3 Qc8 13. Bd2 Bg4 14. Qd3
Bf5 15. Qg3 Nh5 16. Qg5 Nxf4 17. Bxf4 Bxf4 18. Qxf4 Qd7 19. Re3 Bg6 20. h4 h6
21. h5 Bh7 22. Rae1 Nc8 23. Re8 Rxe8 24. Qxf7+ 1-0

[Event "SR 2. liga A 2008/2009"]
[Site "?"]
[Date "2008.12.06"]
[Round "5.8"]
[White "Niznansky, Lukas"]
[Black "Manak, Adrian"]
[Result "0-1"]
[WhiteElo "1479"]
[BlackElo "1637"]
[PlyCount "80"]
[EventDate "2008.??.??"]
[WhiteTeam "Slovakia"]
[BlackTeam "II"]
[WhiteTeamCountry "SVK"]
[BlackTeamCountry "SVK"]

1. e4 d6 2. Nf3 Nf6 3. Nc3 g6 4. Bc4 Bg7 5. O-O O-O 6. d3 a6 7. Bg5 b5 8. Bb3
Bb7 9. Re1 Nbd7 10. Qd2 Re8 11. Rad1 Nc5 12. Nd4 Ng4 13. Qf4 Bxd4 14. Qxg4 Nxb3
15. axb3 Qc8 16. Qxc8 Raxc8 17. Rb1 e6 18. Ne2 Bg7 19. c4 f5 20. exf5 exf5 21.
Nc3 b4 22. Ne2 Re5 23. Bd2 Rce8 24. Nf4 c5 25. Rxe5 dxe5 26. Ne2 Rd8 27. Nc1 e4
28. Bg5 Rd7 29. Kf1 exd3 30. Na2 Be4 31. f3 d2 32. Rd1 Bc2 33. Rxd2 Rxd2 34.
Bxd2 Bxb2 35. Nc1 Bxc1 36. Bxc1 Bxb3 37. Be3 Bxc4+ 38. Ke1 b3 39. Kd2 Bf1 40.
g3 c4 0-1

[Event "SR 2. liga A 2008/2009"]
[Site "?"]
[Date "2008.12.06"]
[Round "5.8"]
[White "Pekar, Jozef"]
[Black "Visnovsky, Marek"]
[Result "1-0"]
[WhiteElo "1907"]
[BlackElo "1640"]
[PlyCount "129"]
[EventDate "2008.??.??"]
[WhiteTeam "Slovakia"]
[BlackTeam "II"]
[WhiteTeamCountry "SVK"]
[BlackTeamCountry "SVK"]

1. e4 Nf6 2. e5 Nd5 3. d4 d6 4. c4 Nb6 5. f4 dxe5 6. fxe5 Bf5 7. Nf3 e6 8. c5
Nd5 9. Bd3 Bxd3 10. Qxd3 Nc6 11. a3 Be7 12. O-O O-O 13. Nc3 f6 14. exf6 Bxf6
15. Ne4 Qd7 16. Bg5 Rae8 17. Rad1 a6 18. Bxf6 Nxf6 19. b4 Qd5 20. Neg5 h6 21.
Nh3 Qe4 22. Rfe1 Qxd3 23. Rxd3 Nd5 24. Nf2 Rf4 25. Rd2 Re7 26. Nd3 Rf6 27. Nde5
Nxe5 28. Rxe5 Rf5 29. Rde2 Rxe5 30. Nxe5 Nc3 31. Re3 Nb5 32. Nf3 c6 33. Kf2 Nc7
34. g3 Rf7 35. Ke2 Kf8 36. Ne5 Rf5 37. g4 Rxe5 38. Rxe5 Ke7 39. Kd3 Nd5 40. Kc4
Nf6 41. h3 Nd7 42. Re3 Nf6 43. a4 Nd5 44. Rf3 Nc7 45. h4 g6 46. g5 hxg5 47.
hxg5 Nd5 48. Rh3 Kd7 49. Rh7+ Ne7 50. b5 a5 51. Rh8 Nd5 52. Rg8 Ne3+ 53. Kd3
Nd5 54. Rg7+ Kc8 55. bxc6 bxc6 56. Ra7 Kb8 57. Rg7 Kc8 58. Ke4 Nc3+ 59. Ke5
Nxa4 60. Kxe6 Nc3 61. Ra7 a4 62. Kf7 Kb8 63. Ra5 Ne2 64. Rxa4 Nf4 65. Ra2 1-0

[Event "SR 2. liga A 2008/2009"]
[Site "?"]
[Date "2008.12.06"]
[Round "5.8"]
[White "Takacs, Laszlo"]
[Black "Grich, Juraj"]
[Result "0-1"]
[WhiteElo "1726"]
[BlackElo "1977"]
[PlyCount "94"]
[EventDate "2008.??.??"]
[WhiteTeam "Slovakia"]
[BlackTeam "II"]
[WhiteTeamCountry "SVK"]
[BlackTeamCountry "SVK"]

1. e4 e6 2. d4 d5 3. Nc3 dxe4 4. Nxe4 Nd7 5. Bd3 Ngf6 6. Nxf6+ Nxf6 7. f4 c5 8.
Nf3 Qc7 9. Bd2 Bd7 10. Qe2 O-O-O 11. Ne5 Be8 12. dxc5 Bxc5 13. O-O-O Nd5 14.
Rhf1 f6 15. Nc4 Bf7 16. Rde1 Nb4 17. Bxb4 Bxb4 18. Rd1 Kb8 19. Qg4 Bg6 20. f5
exf5 21. Qf4 Bh5 22. Qxf5 Bxd1 23. Rxd1 Bd6 24. Qb5 Bxh2 25. Re1 Qd7 26. Qb3
Rhe8 27. Rh1 Bf4+ 28. Kb1 h6 29. a3 Qd5 30. Rf1 Bc7 31. Rf5 Be5 32. g4 g6 33.
Rf1 Rg8 34. Re1 Rc8 35. Be4 Qf7 36. Rd1 Rgd8 37. Rxd8 Rxd8 38. c3 Rc8 39. Bd3
Qd5 40. Kc2 Rd8 41. Nxe5 Qxb3+ 42. Kxb3 fxe5 43. Bxg6 Rg8 44. Bh5 e4 45. Kc4
Rd8 46. Bg6 e3 47. Bd3 b5+ 0-1

[Event "SR 2. liga A 2008/2009"]
[Site "?"]
[Date "2008.12.07"]
[Round "6.1"]
[White "Doucha, Ludvik"]
[Black "Abel, Peter"]
[Result "1/2-1/2"]
[WhiteElo "2080"]
[BlackElo "2176"]
[PlyCount "92"]
[EventDate "2008.??.??"]
[WhiteTeam "Slovakia"]
[BlackTeam "II"]
[WhiteTeamCountry "SVK"]
[BlackTeamCountry "SVK"]

1. e4 Nf6 2. e5 Nd5 3. Bc4 Nb6 4. Bb3 c5 5. Na3 Nc6 6. Nf3 a6 7. O-O d5 8. exd6
Qxd6 9. Re1 e6 10. Nc4 Nxc4 11. Bxc4 Be7 12. c3 Bf6 13. Bf1 O-O 14. Qe2 Rd8 15.
d3 e5 16. Nd2 Qd5 17. Nc4 Rb8 18. Nb6 Qd6 19. Nxc8 Rbxc8 20. Be3 Ne7 21. Rad1
Nd5 22. Bc1 b5 23. g3 b4 24. Qc2 Qb6 25. Qb3 Rd6 26. Qc4 bxc3 27. bxc3 Ne7 28.
Be3 Nd5 29. Bc1 Rcd8 30. Ba3 Qa5 31. Bxc5 Rc6 32. d4 Qxc3 33. Qa4 Re6 34. Rc1
Qd2 35. Bh3 Ree8 36. Bd7 Nc3 37. Qc4 Rxd7 38. Qxc3 Qxc3 39. Rxc3 e4 40. Rc4 Re6
41. h4 h5 42. Re3 Kh7 43. Rb3 Bd8 44. Kf1 Kg6 45. Ke2 Kf5 46. Rcb4 Rc6 1/2-1/2

[Event "SR 2. liga A 2008/2009"]
[Site "?"]
[Date "2008.12.07"]
[Round "6.1"]
[White "Frindt, Kornel"]
[Black "Janos, Martin"]
[Result "0-1"]
[WhiteElo "2151"]
[BlackElo "2210"]
[PlyCount "86"]
[EventDate "2008.??.??"]
[WhiteTeam "Slovakia"]
[BlackTeam "II"]
[WhiteTeamCountry "SVK"]
[BlackTeamCountry "SVK"]

1. Nf3 d5 2. d4 Nd7 3. c4 e6 4. Nc3 Ngf6 5. Bg5 c6 6. e3 Qa5 7. Bh4 Ne4 8. Qb3
Bb4 9. Rc1 O-O 10. Bd3 f5 11. O-O Kh8 12. c5 Bxc3 13. bxc3 b6 14. Qb4 Qxb4 15.
cxb4 bxc5 16. bxc5 h6 17. Be7 Re8 18. Bd6 g5 19. Ne5 Nxd6 20. cxd6 Nxe5 21.
dxe5 Bd7 22. Rc3 Reb8 23. f4 Rb4 24. a3 Rb2 25. fxg5 hxg5 26. Bc2 Kg7 27. g4
Rh8 28. Kg2 Rh4 29. gxf5 exf5 30. e6 Bxe6 31. Rxc6 Rc4 32. Rxc4 dxc4 33. Rf2
Kf6 34. Kg3 Ke5 35. Rd2 c3 36. d7 Bxd7 37. Rxd7 Rxc2 38. Rxa7 Ke4 39. Re7+ Kd3
40. h4 gxh4+ 41. Kxh4 Re2 42. a4 c2 43. Rc7 Re1 0-1

[Event "SR 2. liga A 2008/2009"]
[Site "?"]
[Date "2008.12.07"]
[Round "6.1"]
[White "Likavsky, Tomas"]
[Black "Malar, Pavol"]
[Result "1-0"]
[WhiteElo "2498"]
[BlackElo "2090"]
[PlyCount "86"]
[EventDate "2008.??.??"]
[WhiteTeam "Slovakia"]
[BlackTeam "II"]
[WhiteTeamCountry "SVK"]
[BlackTeamCountry "SVK"]

1. d4 Nf6 2. c4 e6 3. g3 Bb4+ 4. Nd2 O-O 5. Bg2 Nc6 6. Ngf3 d6 7. O-O Bxd2 8.
Qxd2 Qe7 9. b4 Ne4 10. Qb2 f5 11. Nd2 e5 12. Nxe4 fxe4 13. d5 Nd4 14. Bxe4 Bg4
15. f3 Bh3 16. Rf2 h5 17. Be3 Nf5 18. Qd2 Qf7 19. Bg5 Rae8 20. Rc1 Kh8 21. Kh1
g6 22. Qd3 Qh7 23. Rg1 Kg7 24. g4 hxg4 25. fxg4 Nd4 26. Rxf8 Rxf8 27. Be3 Bf1
28. Bxd4 exd4 29. Qxd4+ Kg8 30. Bf3 Qh3 31. Rg3 Qh4 32. Kg1 Bh3 33. Qxa7 Qh6
34. Qa3 Qh8 35. Kf2 Qh4 36. Qd3 Rf6 37. Qe4 Kf7 38. a4 g5 39. a5 Kf8 40. Kg1
Qh8 41. Qd4 Ke7 42. Qe3+ Kd7 43. Qxg5 Rf7 1-0

[Event "SR 2. liga A 2008/2009"]
[Site "?"]
[Date "2008.12.07"]
[Round "6.1"]
[White "Rachela, Milan"]
[Black "Maslik, Miroslav"]
[Result "1/2-1/2"]
[WhiteElo "2358"]
[BlackElo "2328"]
[PlyCount "87"]
[EventDate "2008.??.??"]
[WhiteTeam "Slovakia"]
[BlackTeam "II"]
[WhiteTeamCountry "SVK"]
[BlackTeamCountry "SVK"]

1. Nf3 Nf6 2. c4 g6 3. Nc3 Bg7 4. d4 d6 5. e4 O-O 6. Be2 e5 7. O-O Nc6 8. d5
Ne7 9. Bg5 h6 10. Bxf6 Bxf6 11. b4 a5 12. a3 Bg7 13. Nd2 c6 14. Qb3 Kh7 15.
Rad1 axb4 16. axb4 cxd5 17. cxd5 f5 18. Nb5 fxe4 19. Nxe4 Nf5 20. Bg4 Bd7 21.
Qd3 Bxb5 22. Qxb5 Nd4 23. Qxb7 Rb8 24. Qd7 Rxb4 25. Qxd6 Qxd6 26. Nxd6 Rd8 27.
Ne4 Rxd5 28. Rb1 Rxb1 29. Rxb1 Rb5 30. Rxb5 Nxb5 31. Kf1 Bf8 32. Ke2 Kg7 33.
Kd3 Nd6 34. Nc3 Be7 35. f3 Bg5 36. Be6 Bf4 37. g3 Bc1 38. Na4 Ba3 39. Bd5 Bb4
40. Nb6 Bc5 41. Nd7 Bg1 42. h3 Bh2 43. g4 h5 44. Nc5 1/2-1/2

[Event "SR 2. liga A 2008/2009"]
[Site "?"]
[Date "2008.12.07"]
[Round "6.1"]
[White "Rohacek, Miroslav"]
[Black "Federic, Jozef"]
[Result "1/2-1/2"]
[WhiteElo "2215"]
[BlackElo "2239"]
[PlyCount "32"]
[EventDate "2008.??.??"]
[WhiteTeam "Slovakia"]
[BlackTeam "II"]
[WhiteTeamCountry "SVK"]
[BlackTeamCountry "SVK"]

1. e4 c5 2. Nf3 e6 3. b3 Nf6 4. e5 Nd5 5. Bb2 Nc6 6. g3 b6 7. Bg2 Bb7 8. O-O
Qc7 9. c4 Nde7 10. Na3 a6 11. Nc2 Rd8 12. Qe2 Nf5 13. Rad1 d6 14. exd6 Bxd6 15.
d4 O-O 16. dxc5 Bxc5 1/2-1/2

[Event "SR 2. liga A 2008/2009"]
[Site "?"]
[Date "2008.12.07"]
[Round "6.1"]
[White "Tepper, Frantisek"]
[Black "Schwarz, Dusan"]
[Result "1/2-1/2"]
[WhiteElo "2162"]
[BlackElo "2338"]
[PlyCount "62"]
[EventDate "2008.??.??"]
[WhiteTeam "Slovakia"]
[BlackTeam "II"]
[WhiteTeamCountry "SVK"]
[BlackTeamCountry "SVK"]

1. e4 d5 2. exd5 Qxd5 3. Nc3 Qa5 4. d4 Nf6 5. Nf3 Nc6 6. Bd2 a6 7. Be2 Bg4 8.
Ne4 Qb6 9. Nxf6+ gxf6 10. c3 e5 11. dxe5 O-O-O 12. Qb3 Qxb3 13. axb3 fxe5 14.
b4 f6 15. Be3 e4 16. Nd4 Ne5 17. b5 axb5 18. Bxg4+ Nxg4 19. Ne6 Re8 20. Ra8+
Kd7 21. Rxe8 Kxe8 22. Nxc7+ Kf7 23. Nxb5 Nxe3 24. fxe3 Bc5 25. Ke2 Rg8 26. g3
Ra8 27. Rd1 Ra2 28. Rd2 Ra1 29. b4 Be7 30. Kf2 Rh1 31. Kg2 Re1 1/2-1/2

[Event "SR 2. liga A 2008/2009"]
[Site "?"]
[Date "2008.12.07"]
[Round "6.2"]
[White "Federic, Pavol"]
[Black "Hrivnak, Martin"]
[Result "0-1"]
[WhiteElo "2238"]
[BlackElo "2169"]
[PlyCount "42"]
[EventDate "2008.??.??"]
[WhiteTeam "Slovakia"]
[BlackTeam "II"]
[WhiteTeamCountry "SVK"]
[BlackTeamCountry "SVK"]

1. e4 e5 2. Nf3 d6 3. d4 Nd7 4. Bc4 Be7 5. dxe5 Nxe5 6. Nxe5 dxe5 7. Qh5 g6 8.
Qxe5 f6 9. Qb5+ Kf8 10. Qb3 Kg7 11. Nc3 c6 12. a4 Nh6 13. a5 Qc7 14. h3 Bc5 15.
O-O Qe5 16. Kh1 Ng4 17. hxg4 g5 18. f4 h5 19. g3 hxg4+ 20. Kg2 Qe8 21. Bf7 Rh2+
0-1

[Event "SR 2. liga A 2008/2009"]
[Site "?"]
[Date "2008.12.07"]
[Round "6.2"]
[White "Hertel, Ondrej"]
[Black "Gasa, Andrej"]
[Result "0-1"]
[WhiteElo "2040"]
[BlackElo "2201"]
[PlyCount "50"]
[EventDate "2008.??.??"]
[WhiteTeam "Slovakia"]
[BlackTeam "II"]
[WhiteTeamCountry "SVK"]
[BlackTeamCountry "SVK"]

1. d4 d5 2. c4 c6 3. Nf3 Nf6 4. Nc3 e6 5. Bg5 Nbd7 6. e3 Qa5 7. Nd2 Bb4 8. Qc2
O-O 9. Bxf6 Nxf6 10. Nb3 Qc7 11. a3 Bd6 12. Rc1 dxc4 13. Bxc4 e5 14. d5 b5 15.
Be2 b4 16. Ne4 Nxe4 17. Qxe4 bxa3 18. bxa3 cxd5 19. Qxd5 Be6 20. Qd3 Qe7 21. a4
Bb4+ 22. Kf1 Rfd8 23. Qb1 Rab8 24. Bc4 Ba3 25. Rc2 Bf5 0-1

[Event "SR 2. liga A 2008/2009"]
[Site "?"]
[Date "2008.12.07"]
[Round "6.2"]
[White "Kovacova, Zuzana"]
[Black "Petrik, Stanislav"]
[Result "0-1"]
[WhiteElo "2107"]
[BlackElo "2215"]
[PlyCount "84"]
[EventDate "2008.??.??"]
[WhiteTeam "Slovakia"]
[BlackTeam "II"]
[WhiteTeamCountry "SVK"]
[BlackTeamCountry "SVK"]

1. e4 c5 2. Nc3 Nc6 3. g3 e6 4. Bg2 Nge7 5. d3 g6 6. Be3 Nd4 7. Qd2 Bg7 8. Nd1
b6 9. Nh3 d5 10. O-O dxe4 11. dxe4 Bb7 12. f4 O-O 13. Nc3 Qd7 14. Rad1 Rad8 15.
e5 Qc7 16. Qf2 Nef5 17. Bc1 Rd7 18. Ng5 Bxg2 19. Qxg2 Rfd8 20. Nge4 Qb7 21. Qf2
Nb5 22. Rxd7 Rxd7 23. Nf6+ Bxf6 24. exf6 Nxc3 25. bxc3 Nd6 26. g4 Ne8 27. f5
exf5 28. gxf5 Qe4 29. fxg6 Qxg6+ 30. Kh1 Qe4+ 31. Kg1 Rd6 32. Qg3+ Qg6 33.
Qxg6+ hxg6 34. Bg5 Nc7 35. Bf4 Rd7 36. c4 Ne6 37. Be5 g5 38. Bc3 Kh7 39. Kh1
Kg6 40. Rg1 Nd4 41. Rg4 Kf5 42. h3 Ne2 0-1

[Event "SR 2. liga A 2008/2009"]
[Site "?"]
[Date "2008.12.07"]
[Round "6.2"]
[White "Kundrik, Peter"]
[Black "Stetina, Erik"]
[Result "1-0"]
[WhiteElo "2228"]
[BlackElo "2043"]
[PlyCount "59"]
[EventDate "2008.??.??"]
[WhiteTeam "Slovakia"]
[BlackTeam "II"]
[WhiteTeamCountry "SVK"]
[BlackTeamCountry "SVK"]

1. e4 e6 2. d4 a6 3. a4 b5 4. axb5 Bb7 5. Nd2 axb5 6. Rxa8 Bxa8 7. Bxb5 Qg5 8.
Bf1 Nf6 9. f3 c5 10. Nh3 Qe3+ 11. Be2 Qxd4 12. c3 Qd6 13. Qa4 Qc6 14. Bb5 Qb7
15. Nc4 Nc6 16. Nb6 Qxb6 17. Qxa8+ Nb8 18. c4 Bd6 19. Bd2 Qc7 20. Ba5 Qc8 21.
O-O O-O 22. Bc3 Qc7 23. Bxf6 Bxh2+ 24. Kh1 gxf6 25. f4 Bg3 26. Qa3 Bh4 27. g3
f5 28. gxh4 fxe4 29. Rg1+ Kh8 30. Qg3 1-0

[Event "SR 2. liga A 2008/2009"]
[Site "?"]
[Date "2008.12.07"]
[Round "6.2"]
[White "Pacher, Milan"]
[Black "Fabry, Robert"]
[Result "1-0"]
[WhiteElo "2357"]
[BlackElo "2185"]
[PlyCount "89"]
[EventDate "2008.??.??"]
[WhiteTeam "Slovakia"]
[BlackTeam "II"]
[WhiteTeamCountry "SVK"]
[BlackTeamCountry "SVK"]

1. e4 e5 2. Nf3 Nc6 3. Bb5 a6 4. Ba4 Nf6 5. O-O Be7 6. Re1 b5 7. Bb3 O-O 8. d4
Nxd4 9. Nxd4 exd4 10. e5 Ne8 11. c3 d6 12. cxd4 dxe5 13. dxe5 Qxd1 14. Rxd1 c6
15. Nc3 Nc7 16. Be3 Bf5 17. Rac1 Rfd8 18. Ne2 Rxd1+ 19. Bxd1 Nd5 20. Nd4 Nxe3
21. fxe3 Be4 22. Nxc6 Bg5 23. Kf2 Kf8 24. Nd4 Re8 25. Rc5 Bd8 26. e6 fxe6 27.
Bb3 Bb6 28. Re5 Bxd4 29. exd4 Bf5 30. Kf3 h5 31. d5 Ke7 32. dxe6 Kf6 33. Rc5
Bxe6 34. Rc6 Ke5 35. Rxe6+ Rxe6 36. Bxe6 Kxe6 37. Kf4 Kf6 38. Ke4 Ke6 39. Kd4
Kd6 40. b4 h4 41. g3 h3 42. g4 Ke6 43. Ke4 g6 44. Kf4 Kf6 45. Kg3 1-0